Az ipari kartellekről
Guardado en:
| Formato: | Libro |
|---|---|
| Lenguaje: | húngaro |
| Publicado: |
Budapest
[s.n.]
1891
|
| Etiquetas: |
Sin Etiquetas, Sea el primero en etiquetar este registro!
|
MARC
| LEADER | 00000nam a2200000 4500 | ||
|---|---|---|---|
| 001 | 0307423 | ||
| 005 | 20250303094908.9 | ||
| 041 | 0 | |a hun | |
| 044 | |a HU | ||
| 245 | 1 | 0 | |a Az ipari kartellekről |c Gyula Mandello |
| 264 | 1 | |a Budapest |b [s.n.] |c 1891 | |